| 000 | 00513nam a2200181Ia 4500 | ||
|---|---|---|---|
| 005 | 20250508163328.0 | ||
| 008 | 008 250505s9999 xx 000 0 eng d | ||
| 037 | _aReference | ||
| 040 |
_aFEDL _beng _cFEDL |
||
| 041 |
_aeng _2eng |
||
| 084 |
_a372.21, SPO _qFEDL |
||
| 100 | _aSpodek Bernard Ed. | ||
| 245 | 0 | _aHandbook of research in early childhood education | |
| 260 |
_aNew York, USA _bThe Free Press _c1982 |
||
| 300 | _a677p. | ||
| 942 |
_cREF _h372.21, SPO |
||
| 999 |
_c1382359 _d1382359 |
||